Logo BPK

Biblioteka

Politechniki Koszalińskiej

Kodeks spółek handlowych : (Rekord nr 39702)

Szczegóły MARC
000 -ETYKIETA REKORDU
podpole kontrolne o stałej długości 00876nam a2200253 i 4500
001 - NUMER KONTROLNY REKORDU
pole kontrolne bg
020 ## - MIĘDZYNARODOWY ZNORMALIZOWANY NUMER KSIĄŻKI - ISBN
ISBN 8387271209
040 ## - ŹRÓDŁO KATALOGOWANIA
Instytucja, która utworzyła rekord BPK
041 0# - KOD JĘZYKA
Kod języka tekstu pl
080 ## - UNIWERSALNA KLASYFIKACJA DZIESIĘTNA - UKD
UKD 347.72(438)
920 ## - Międzynarodowy znormalizowany numer książki – ISBN
ISBN 83-87271-20-9
008 - POLE O STAŁEJ DŁUGOŚCI - DANE KONTROLNE
podpole kontrolne o stałej długości s pl f |000 0 pol
100 1# - NAZWA OSOBOWA
Nazwa osobowa JACYSZYN, Jerzy
245 10 - TYTUŁ/ODPOWIEDZIALNOŚĆ
Tytuł Kodeks spółek handlowych :
Ciąg dalszy tytułu komentarz, orzecznictwo /
Pozostałe elementy strefy tytułu i oznaczenia odpowiedzialności Jerzy Jacyszyn, Sławomir Krześ, Elwira Marszałkowska-Krześ.
250 ## - STREFA WYDANIA
Oznaczenie wydania Stan prawny na 31 marca 2001 r.
260 ## - STREFA ADRESU WYDAWNICZEGO
Miejsce wydania Warszawa :
Nazwa wydawcy/dystrybutora "Librata",
Data publikacji, dystrybucji/powstania dokumentu cop. 2001.
300 ## - STREFA OPISU FIZYCZNEGO
Objętość 824 s. ;
Rozmiary 25 cm.
500 ## - UWAGI OGÓLNE
Tekst uwagi Ustawy dodatkowe - ustawa Prawo działalności gospodarczej, ustawa o Krajowym Rejestrze Sądowym.
504 ## - UWAGA DOTYCZĄCA BIBLIOGRAFII
Informacje o bibliografii Bibliogr. przy rozdz. - Indeks.
650 #9 - HASŁO PRZEDMIOTOWE W FORMIE NAZWY OGÓLNEJ LUB JEDNOSTKOWEJ
Nazwa ogólna lub geograficzna Spółki handlowe
Określnik ogólny prawo
Określnik geograficzny Polska
Określnik chronologiczny stan na 2001 r.
700 1# - HASŁO DODATKOWE - NAZWA OSOBOWA
Nazwa osobowa KRZEŚ, Sławomir
700 1# - HASŁO DODATKOWE - NAZWA OSOBOWA
Nazwa osobowa MARSZAŁKOWSKA-KRZEŚ, Elwira
856 ## - LOKALIZACJA I DOSTĘP DO ELEKTRONICZNYCH DOKUMENTÓW ZDALNYCH
Link (URL) http://koha.tu.koszalin.pl/cgi-bin/koha/opac-detail.pl?biblionumber=39702
Tekst linku Katalog online BPK
942 ## - DODATKOWE ELEMENTY (KOHA)
Typ dokumentu Książka
Egzemplarze
Wycofany Status egzemplarza Uszkodzony Dostępność Lokalizacja stała Lokalizacja bieżąca Miejsce przechowywania Sygnatura Kod kreskowy Dział Typ dokumentu
      Tylko na miejscu Biblioteka Politechniki Koszalińskiej Biblioteka Politechniki Koszalińskiej Czytelnia Wydziałowa ul. Kwiatkowskiego 6e 59311 01570106 347.7 Prawo handlowe. Prawo spółek Książka
© 2023 Biblioteka Politechniki Koszalińskiej :: KOHA